| 000 | 00656nam a2200193Ia 4500 | ||
|---|---|---|---|
| 008 | 131103s9999 xx 000 0 und d | ||
| 040 | _aLoreto College | ||
| 041 | _aEnglish | ||
| 082 |
_a822.33(ID)/OTH/KIT/822.33/T7/SHA _b#NAME? |
||
| 100 | _aShakespeare,William | ||
| 245 | 4 |
_aThe tragedy of Othello _b the moor of Venice _cWilliam Shakespeare; edited by George Layman Kittredge;revised by Irviny Ribner |
|
| 260 |
_aWaltham _bXerox College Publication _c1969 |
||
| 300 |
_axvi,141 p. _c 20 cm. |
||
| 650 | _aEnglish Drama | ||
| 651 | _aShakespeare,William - Othello - | ||
| 700 | _aKillredge,George Layman,ed. | ||
| 850 | _aLCLIB | ||
| 942 | _cBK | ||
| 999 |
_c4318 _d54797 |
||